000
00273nam a2200121Ia 4500
100
_a
Machinery yellow back series
942
_c
BK
654
_a
Fixtures
245
_a
Air chucks & Fixtures
260
_b
Machinery Publication
_c
2001
082
_a
621.9
546
_a
ENGLISH
999
_c
27119
_d
27119